| 000 | 00651nam a2200229Ia 4500 | ||
|---|---|---|---|
| 005 | 20240105100221.0 | ||
| 008 | 131103s9999 xx 000 0 und d | ||
| 020 | _a697051897 | ||
| 040 | _aLoreto College | ||
| 041 | _aEnglish | ||
| 082 |
_a302.23 _bEME |
||
| 245 |
_aReading in mass communication _b concept and issues in the mass media _cMichael C.Emery and Ted C.Smythe |
||
| 250 | _a7th ed. | ||
| 260 |
_aDubuque _bWm. C.Brown Press _c1989 |
||
| 300 | _axvi,443 p. | ||
| 504 | _aIncludes bibliographical references and index | ||
| 650 | _aFilm | ||
| 651 | _aMotion Picture | ||
| 700 | _aSmythe,Ted C. | ||
| 850 | _aLCLIB | ||
| 942 | _cBK | ||
| 999 |
_c7243 _d57722 |
||